Kane Chronicles Quiz - Statistics

General Stats
  • This quiz has been taken 43 times
  • The average score is 12 of 16
Answer Stats
Hint Answer % Correct
Main Character Sadie Kane
100%
Main Character Carter Kane
97%
Sun god Ra
97%
The God one hosted horus
95%
The Goddess One hosted isis
95%
Their dad hosted Osiris
92%
God of the dead Anubis
89%
Enemy in book 1 Set
89%
Their protecter Bast
87%
Their Father Julius Kane
79%
Their Protecter in book 2 bes
71%
Host of above Zia Rashid
63%
Their Mother Ruby Kane
55%
Host of above Walt Stone
53%
Enemy in book 3 Apopis
13%
Enemy In book 2 Vladimir Meshinkov
0%
No matching quizzes found
Score Distribution
Percent of People with Each Score
Percentile by Number Answered
Your Score History
You have not taken this quiz